000 01131nam a2200325 i 4500
001 13338
003 KOSZ 005
005 20190726123721.0
008 070608s1971 pl a f f 000 0 pol
015 _aPB 1971/2318
035 _a(OCoLC)804150502
040 _aWA N
_cWA N
_dKOSZ 005/KK
080 _a621.396
100 1 _aWolszczak, Sławomir.
_eAutor
245 1 0 _aAmatorskie odbiorniki tranzystorowe /
_cSławomir Wolszczak.
250 _aWyd. 6 zm.
260 _aWarszawa :
_bWydawnictwa Naukowo-Techniczne,
_cdr. 1971.
300 _a170, [1] strony, [3] karty tablice :
_bilustracje. ;
_c23 cm.
336 _2rdacontent
_aTekst
_btxt
337 _2rdamedia
_aBez urządzenia pośredniczącego
_bn
338 _2rdacarrier
_aWolumin
_bnc
380 _aKsiążki.
504 _aBibliografia na stronie [171].
658 _aInżynieria i technika
650 4 _aTranzystory
650 4 _aRadioodbiorniki
710 2 _aWydawnictwa Naukowo-Techniczne
_4pbl.
856 _uhttp://koha.tu.koszalin.pl/cgi-bin/koha/opac-detail.pl?biblionumber=13338
_yKatalog online BPK
942 _2UKD
_cKS
999 _c13338
_d13338